Basic Cooking

Guardat en:
Dades bibliogràfiques
Autor principal: Norma MacMillan
Format: Llibre
Idioma:English
Etiquetes: Afegir etiqueta
Sense etiquetes, Sigues el primer a etiquetar aquest registre!
LEADER 00595cam a22001697a 4500
001 (Sirsi) a62313
005 20190330144104.0
008 160120n xx |||||||||||000|0|eng|d
020 |a 9781840811872 
040 |a SMLIBRARY  |b eng  |c SMLIBRARY  |e AACR2 
100 1 |a Norma MacMillan 
245 1 |a Basic Cooking 
903 |a SMLNEWITEM 
904 |a 1 
942 |2 ddc  |c BOOK 
952 |0 0  |1 0  |2 ddc  |4 0  |6 641_510000000000000_MAC  |7 0  |8 ADULT | ANFIC | DONATED  |9 18273  |a SMLIBRARY  |b SMLIBRARY  |c ADULT  |d 2016-01-20  |g 50.00  |l 0  |o 641.51 MAC  |p BK10052245H  |r 2019-03-30 00:00:00  |t 1  |v 50.00  |w 2019-06-25  |y ADULTBOOK 
999 |c 15490  |d 15490